| 000 | 00830nam a22001817a 4500 | ||
|---|---|---|---|
| 003 | OSt | ||
| 005 | 20250929100454.0 | ||
| 008 | 250929b |||||||| |||| 00| 0 eng d | ||
| 040 | _cDCL | ||
| 041 | _aMyanmar | ||
| 082 | _a၂၉၄.၃၃၆၈ | ||
| 100 | 1 |
_aဣန္ဒကာဘိဝံသ၊ _91292 _cအရှင် |
|
| 245 | 1 | 0 |
_aကျေးဇူးရနံ့ သင်းပျံ့သည့်မြေ / _cအရှင်ဣန္ဒကာဘိဝံသ(မြစကြာဆရာတော်)။ |
| 264 |
_aစစ်ကိုင်း ၊ _bမဇ္ဈိမပဋိပဒါစာပေ၊ _c၂၀၁၆။ |
||
| 300 |
_a၂၀၃ စာမျက်နှာ ၊ _c၂၁ စင်တီ။ |
||
| 650 |
_aဗုဒ္ဓဘာသာ _vဆောင်းပါး |
||
| 942 |
_2ddc _cSHORT TERM _n0 |
||
| 999 |
_c2269 _d2269 |
||